000 00290nam a22001337a 4500
008 170425b xxu||||| |||| 00| 0 eng d
020 _a9780130325174
041 _aeng
080 _a54
100 _a12
101 _aSHM
245 _aINTRODUCTION CHEMISTRY
_cTRO.N.J
942 _2udc
_cBK
999 _c11970
_d11970